Esztergom a city centre between historic sites /

The following short paper discuses the reconstruction of the City Centre of Esztergom in the second half of the 20th Century. The “New City Centre” in the area between the two historic zones of the town was planned as a completely new construction. The paper shows how this centre reflects a compact...

Teljes leírás

Elmentve itt :
Bibliográfiai részletek
Szerző: Tamáska Máté
Dokumentumtípus: Cikk
Megjelent: Belvedere Meridionale Szeged 2017
Sorozat:Belvedere Meridionale 29 No. 4
Kulcsszavak:Műemlékvédelem - Esztergom - 20. sz., Várostervezés - Magyarország
Tárgyszavak:
doi:10.14232/belv.2017.4.12

Online Access:http://acta.bibl.u-szeged.hu/51018
LEADER 01546nab a2200229 i 4500
001 acta51018
005 20250627144619.0
008 180223s2017 hu o 000 eng d
022 |a 1419-0222 
024 7 |a 10.14232/belv.2017.4.12  |2 doi 
040 |a SZTE Egyetemi Kiadványok Repozitórium  |b hun 
041 |a eng 
100 1 |a Tamáska Máté 
245 1 0 |a Esztergom   |h [elektronikus dokumentum] :  |b a city centre between historic sites /  |c  Tamáska Máté 
260 |a Belvedere Meridionale  |b Szeged  |c 2017 
300 |a 179-193 
490 0 |a Belvedere Meridionale  |v 29 No. 4 
520 3 |a The following short paper discuses the reconstruction of the City Centre of Esztergom in the second half of the 20th Century. The “New City Centre” in the area between the two historic zones of the town was planned as a completely new construction. The paper shows how this centre reflects a compact version of the ideology of city reconstruction of the time, how the architecture concepts chanced with the time. The plans of a radical intervention were rejected. Most of the buildings were built in an even more “historicising”, almost post-modern style. But the townscape could not integrate this style. Thus, after 1990 came up the task of “reconstructing the reconstruction”. 
650 4 |a Bölcsészettudományok 
650 4 |a Történettudomány és régészet 
695 |a Műemlékvédelem - Esztergom - 20. sz., Várostervezés - Magyarország 
856 4 0 |u http://acta.bibl.u-szeged.hu/51018/1/belvedere_2017_004_179-193.pdf  |z Dokumentum-elérés